<?xml version="1.0" encoding="UTF-8"?>
<record
    xmlns:xsi="http://www.w3.org/2001/XMLSchema-instance"
    xsi:schemaLocation="http://www.loc.gov/MARC21/slim http://www.loc.gov/standards/marcxml/schema/MARC21slim.xsd"
    xmlns="http://www.loc.gov/MARC21/slim">

  <leader>02453nam0a2200433 i 4500</leader>
  <controlfield tag="001">RU\NLR\BIBL_A\010461766</controlfield>
  <controlfield tag="005">20241103135627.0</controlfield>
  <datafield tag="010" ind1=" " ind2=" ">
    <subfield code="a">9785892304382</subfield>
    <subfield code="9">500</subfield>
  </datafield>
  <datafield tag="021" ind1=" " ind2=" ">
    <subfield code="a">RU</subfield>
    <subfield code="b">2014-50754</subfield>
    <subfield code="9">3071</subfield>
  </datafield>
  <datafield tag="035" ind1=" " ind2=" ">
    <subfield code="a">(NILC)RuMoRGB-007517485</subfield>
  </datafield>
  <datafield tag="035" ind1=" " ind2=" ">
    <subfield code="a">(NLR Aleph) 010461766</subfield>
  </datafield>
  <datafield tag="090" ind1=" " ind2=" ">
    <subfield code="a">9979980</subfield>
    <subfield code="c">9979980</subfield>
  </datafield>
  <datafield tag="100" ind1=" " ind2=" ">
    <subfield code="a">20140912d2013    km y0rusy50      ca</subfield>
  </datafield>
  <datafield tag="101" ind1="0" ind2=" ">
    <subfield code="a">rus</subfield>
  </datafield>
  <datafield tag="102" ind1=" " ind2=" ">
    <subfield code="a">RU</subfield>
  </datafield>
  <datafield tag="105" ind1=" " ind2=" ">
    <subfield code="a">a|||z|||000yy</subfield>
  </datafield>
  <datafield tag="200" ind1="1" ind2=" ">
    <subfield code="a">&#x41C;&#x44F;&#x441;&#x43E;&#x43F;&#x440;&#x43E;&#x434;&#x443;&#x43A;&#x442;&#x44B; &#x441; &#x441;&#x435;&#x43B;&#x435;&#x43D;&#x441;&#x43E;&#x434;&#x435;&#x440;&#x436;&#x430;&#x449;&#x435;&#x439; &#x434;&#x43E;&#x431;&#x430;&#x432;&#x43A;&#x43E;&#x439;</subfield>
    <subfield code="e">(&#x442;&#x435;&#x43E;&#x440;&#x438;&#x44F; &#x438; &#x43F;&#x440;&#x430;&#x43A;&#x442;&#x438;&#x43A;&#x430;)</subfield>
    <subfield code="f">&#x411;. &#x410;. &#x411;&#x430;&#x436;&#x435;&#x43D;&#x43E;&#x432;&#x430;, &#x410;. &#x414;. &#x410;&#x441;&#x43B;&#x430;&#x43B;&#x438;&#x435;&#x432;, &#x41C;. &#x411;. &#x414;&#x430;&#x43D;&#x438;&#x43B;&#x43E;&#x432;</subfield>
    <subfield code="g">&#x41C;-&#x432;&#x43E; &#x43E;&#x431;&#x440;&#x430;&#x437;&#x43E;&#x432;&#x430;&#x43D;&#x438;&#x44F; &#x438; &#x43D;&#x430;&#x443;&#x43A;&#x438; &#x420;&#x43E;&#x441;&#x441;&#x438;&#x439;&#x441;&#x43A;&#x43E;&#x439; &#x424;&#x435;&#x434;&#x435;&#x440;&#x430;&#x446;&#x438;&#x438;, &#x424;&#x435;&#x434;&#x435;&#x440;&#x430;&#x43B;&#x44C;&#x43D;&#x43E;&#x435; &#x433;&#x43E;&#x441;. &#x431;&#x44E;&#x434;&#x436;&#x435;&#x442;&#x43D;&#x43E;&#x435; &#x43E;&#x431;&#x440;&#x430;&#x437;&#x43E;&#x432;&#x430;&#x442;&#x435;&#x43B;&#x44C;&#x43D;&#x43E;&#x435; &#x443;&#x447;&#x440;&#x435;&#x436;&#x434;&#x435;&#x43D;&#x438;&#x435; &#x432;&#x44B;&#x441;&#x448;. &#x43F;&#x440;&#x43E;&#x444;. &#x43E;&#x431;&#x440;&#x430;&#x437;&#x43E;&#x432;&#x430;&#x43D;&#x438;&#x44F; "&#x412;&#x43E;&#x441;&#x442;&#x43E;&#x447;&#x43D;&#x43E;-&#x421;&#x438;&#x431;&#x438;&#x440;&#x441;&#x43A;&#x438;&#x439; &#x433;&#x43E;&#x441;. &#x443;&#x43D;-&#x442; &#x442;&#x435;&#x445;&#x43D;&#x43E;&#x43B;&#x43E;&#x433;&#x438;&#x439; &#x438; &#x443;&#x43F;&#x440;." (&#x424;&#x413;&#x411;&#x41E;&#x423; &#x412;&#x41F;&#x41E; &#x412;&#x421;&#x413;&#x423;&#x422;&#x423;)</subfield>
  </datafield>
  <datafield tag="210" ind1=" " ind2=" ">
    <subfield code="a">&#x423;&#x43B;&#x430;&#x43D;-&#x423;&#x434;&#x44D;</subfield>
    <subfield code="c">&#x418;&#x437;&#x434;-&#x432;&#x43E; &#x412;&#x421;&#x413;&#x423;&#x422;&#x423;</subfield>
    <subfield code="d">2013</subfield>
  </datafield>
  <datafield tag="215" ind1=" " ind2=" ">
    <subfield code="a">174 &#x441;.</subfield>
    <subfield code="c">&#x438;&#x43B;.</subfield>
    <subfield code="d">21</subfield>
  </datafield>
  <datafield tag="320" ind1=" " ind2=" ">
    <subfield code="a">&#x411;&#x438;&#x431;&#x43B;&#x438;&#x43E;&#x433;&#x440;.: &#x441;. 157-174 (201 &#x43D;&#x430;&#x437;&#x432;.)</subfield>
  </datafield>
  <datafield tag="606" ind1=" " ind2=" ">
    <subfield code="a">&#x41C;&#x44F;&#x441;&#x43D;&#x44B;&#x435; &#x43F;&#x43E;&#x43B;&#x443;&#x444;&#x430;&#x431;&#x440;&#x438;&#x43A;&#x430;&#x442;&#x44B;</subfield>
    <subfield code="x">&#x41F;&#x440;&#x43E;&#x438;&#x437;&#x432;&#x43E;&#x434;&#x441;&#x442;&#x432;&#x43E;</subfield>
    <subfield code="9">1560979</subfield>
    <subfield code="3">RU\NLR\AUTH\66682727</subfield>
  </datafield>
  <datafield tag="606" ind1=" " ind2=" ">
    <subfield code="a">&#x41F;&#x438;&#x449;&#x435;&#x432;&#x44B;&#x435; &#x434;&#x43E;&#x431;&#x430;&#x432;&#x43A;&#x438; &#x441;&#x435;&#x43B;&#x435;&#x43D;&#x441;&#x43E;&#x434;&#x435;&#x440;&#x436;&#x430;&#x449;&#x438;&#x435;</subfield>
    <subfield code="9">2546086</subfield>
    <subfield code="3">RU\NLR\AUTH\661506961</subfield>
  </datafield>
  <datafield tag="606" ind1=" " ind2=" ">
    <subfield code="a">&#x421;&#x435;&#x43B;&#x435;&#x43D;</subfield>
    <subfield code="x">&#x41F;&#x440;&#x438;&#x43C;&#x435;&#x43D;&#x435;&#x43D;&#x438;&#x435; &#x432; &#x43C;&#x44F;&#x441;&#x43D;&#x43E;&#x43C; &#x43F;&#x440;&#x43E;&#x438;&#x437;&#x432;&#x43E;&#x434;&#x441;&#x442;&#x432;&#x435;</subfield>
    <subfield code="9">2197458</subfield>
    <subfield code="3">RU\NLR\AUTH\6601555857</subfield>
  </datafield>
  <datafield tag="606" ind1=" " ind2=" ">
    <subfield code="a">&#x421;&#x435;&#x43B;&#x435;&#x43D;</subfield>
    <subfield code="x">&#x41F;&#x440;&#x438;&#x43C;&#x435;&#x43D;&#x435;&#x43D;&#x438;&#x435; &#x432; &#x43F;&#x438;&#x442;&#x430;&#x43D;&#x438;&#x438;</subfield>
    <subfield code="9">2440606</subfield>
    <subfield code="3">RU\NLR\AUTH\661451963</subfield>
  </datafield>
  <datafield tag="610" ind1="0" ind2=" ">
    <subfield code="a">&#x441;&#x435;&#x43B;&#x435;&#x43D;&#x441;&#x43E;&#x434;&#x435;&#x440;&#x436;&#x430;&#x449;&#x438;&#x435; &#x43C;&#x44F;&#x441;&#x43D;&#x44B;&#x435; &#x43F;&#x440;&#x43E;&#x434;&#x443;&#x43A;&#x442;&#x44B;</subfield>
  </datafield>
  <datafield tag="610" ind1="0" ind2=" ">
    <subfield code="a">&#x432;&#x430;&#x440;&#x435;&#x43D;&#x44B;&#x435; &#x43A;&#x43E;&#x43B;&#x431;&#x430;&#x441;&#x44B;</subfield>
  </datafield>
  <datafield tag="610" ind1="0" ind2=" ">
    <subfield code="a">&#x437;&#x430;&#x43C;&#x43E;&#x440;&#x43E;&#x436;&#x435;&#x43D;&#x43D;&#x44B;&#x435; &#x43C;&#x44F;&#x441;&#x43D;&#x44B;&#x435; &#x440;&#x443;&#x431;&#x43B;&#x435;&#x43D;&#x44B;&#x435; &#x43F;&#x43E;&#x43B;&#x443;&#x444;&#x430;&#x431;&#x440;&#x438;&#x43A;&#x430;&#x442;&#x44B;</subfield>
  </datafield>
  <datafield tag="610" ind1="0" ind2=" ">
    <subfield code="a">&#x43F;&#x435;&#x447;&#x435;&#x43D;&#x43E;&#x447;&#x43D;&#x44B;&#x435; &#x43F;&#x430;&#x448;&#x442;&#x435;&#x442;&#x44B; &#x432; &#x43E;&#x431;&#x43E;&#x43B;&#x43E;&#x447;&#x43A;&#x435;</subfield>
  </datafield>
  <datafield tag="686" ind1="1" ind2=" ">
    <subfield code="a">&#x41B;92-3</subfield>
  </datafield>
  <datafield tag="686" ind1="1" ind2=" ">
    <subfield code="a">&#x420;123.025.8-0</subfield>
  </datafield>
  <datafield tag="700" ind1=" " ind2="1">
    <subfield code="a">&#x411;&#x430;&#x436;&#x435;&#x43D;&#x43E;&#x432;&#x430;</subfield>
    <subfield code="b">&#x411;. &#x410;.</subfield>
    <subfield code="g">&#x411;&#x430;&#x44F;&#x43D;&#x430; &#x410;&#x43D;&#x430;&#x442;&#x43E;&#x43B;&#x44C;&#x435;&#x432;&#x43D;&#x430;</subfield>
  </datafield>
  <datafield tag="701" ind1=" " ind2="1">
    <subfield code="a">&#x410;&#x441;&#x43B;&#x430;&#x43B;&#x438;&#x435;&#x432;</subfield>
    <subfield code="b">&#x410;. &#x414;.</subfield>
    <subfield code="g">&#x410;&#x439;&#x432;&#x430;&#x437;&#x431;&#x435;&#x433; &#x414;&#x438;&#x434;&#x430;&#x440;&#x431;&#x435;&#x43A;&#x43E;&#x432;&#x438;&#x447;</subfield>
  </datafield>
  <datafield tag="701" ind1=" " ind2="1">
    <subfield code="a">&#x414;&#x430;&#x43D;&#x438;&#x43B;&#x43E;&#x432;</subfield>
    <subfield code="b">&#x41C;. &#x411;.</subfield>
    <subfield code="c">&#x434;-&#x440; &#x442;&#x435;&#x445;&#x43D;. &#x43D;&#x430;&#x443;&#x43A;, &#x43F;&#x438;&#x449;&#x435;&#x432;&#x430;&#x44F; &#x43F;&#x440;&#x43E;&#x43C;&#x44B;&#x448;&#x43B;&#x435;&#x43D;&#x43D;&#x43E;&#x441;&#x442;&#x44C;</subfield>
    <subfield code="g">&#x41C;&#x438;&#x445;&#x430;&#x438;&#x43B; &#x411;&#x43E;&#x440;&#x438;&#x441;&#x43E;&#x432;&#x438;&#x447;</subfield>
    <subfield code="9">137017</subfield>
    <subfield code="3">RU\NLR\AUTH\770137052</subfield>
  </datafield>
  <datafield tag="801" ind1=" " ind2="0">
    <subfield code="a">RU</subfield>
    <subfield code="b">&#x420;&#x413;&#x411;</subfield>
    <subfield code="c">20140708</subfield>
    <subfield code="g">RCR</subfield>
  </datafield>
  <datafield tag="801" ind1=" " ind2="1">
    <subfield code="a">RU</subfield>
    <subfield code="b">&#x420;&#x413;&#x411;</subfield>
    <subfield code="c">20140708</subfield>
    <subfield code="2">rusmarc</subfield>
  </datafield>
  <datafield tag="942" ind1=" " ind2=" ">
    <subfield code="c">BOOK</subfield>
  </datafield>
  <datafield tag="980" ind1=" " ind2=" ">
    <subfield code="a">NBR</subfield>
  </datafield>
</record>
